000 01386nam a2200241Ia 4500
003 Ost
005 20260507075551.0
008 260507s9999||||xx |||||||||||||| ||und||
020 _a9789957329389
040 _cfsecg
041 _aara
082 _a658.02
100 _aيوسف، مصطفى
_eمؤلف
245 0 _aإدارة الإشراف الداخلي في الفنادق /
_c مصطفى يوسف
246 _aHousekeeping Department In Hotels
260 _aعمان :
_bدار الحامد للنشر والتوزيع,
_c2016
300 _a236 صفحة؛
_bإيضاحات ؛
_c24 سم
504 _aبيبليوغرافيا: ص ص.233-235
520 _aيضم مفهوم وأنواع الفنادق،أهمية إدارة الإشراف الداخلي في الفنادق،التسلسل الوظيفي لقسم إدارة الإشراف الداخلي(مسؤوليات ومهام العاملين)،مظهر وسلوك العاملين بقسم الإشراف الداخلي،علاقة إدارة الإشراف الداخلي بأقسام الفندق،تنظيم العمل بإدارة الإشراف الداخلي،السلامة والأمان في قسم الإشراف الداخلي،أنواع الغرف والأجنحة،أدوات النظافة
653 _aالفنادق
653 _aالفنادق- تنظيم وإدارة
942 _cكتاب
999 _c44913
_d44913